| 000 | 00400cam a2200157ua 4500 | ||
|---|---|---|---|
| 003 | OSt | ||
| 008 | 250617b |||||||| |||| 00| 0 eng d | ||
| 041 | _aeng | ||
| 082 |
_a624.1821 _bJOH/DE |
||
| 100 |
_aLothers, John E . _97580 |
||
| 245 | _aDesign in structural steel / | ||
| 250 | _a2 / | ||
| 260 |
_aNew Delhi : _bPrentice Hall of India Pvt Ltd. , _c1967. |
||
| 300 | _a585 ; . | ||
| 942 | _cBK | ||
| 999 |
_c10402 _d10402 |
||